000
00322nas a2200145 a 4500
001
24808
003
82472
005
20201118100451.0
008
||||||n9999 ||| || ||
245
0
_a
Nueva Administracion - No.1
260
_c
1972.
562
_e
0
773
_0
24807
_a
Nueva Administracion
942
_c
SISS
999
_c
24808
_d
24808